<?xml version="1.0" encoding="UTF-8"?>
<record
    xmlns:xsi="http://www.w3.org/2001/XMLSchema-instance"
    xsi:schemaLocation="http://www.loc.gov/MARC21/slim http://www.loc.gov/standards/marcxml/schema/MARC21slim.xsd"
    xmlns="http://www.loc.gov/MARC21/slim">

  <leader>04024nam a2200409 a 4500</leader>
  <controlfield tag="001">00013005</controlfield>
  <controlfield tag="003">WSP</controlfield>
  <controlfield tag="005">20260416153410.0</controlfield>
  <controlfield tag="007">cr |nu|||unuuu</controlfield>
  <controlfield tag="008">221025s2023    si      ob    001 0 eng d</controlfield>
  <datafield tag="010" ind1=" " ind2=" ">
    <subfield code="a">2022037229</subfield>
  </datafield>
  <datafield tag="020" ind1=" " ind2=" ">
    <subfield code="a">9789811261664</subfield>
    <subfield code="q">(ebook)</subfield>
  </datafield>
  <datafield tag="020" ind1=" " ind2=" ">
    <subfield code="a">9811261660</subfield>
    <subfield code="q">(ebook)</subfield>
  </datafield>
  <datafield tag="020" ind1=" " ind2=" ">
    <subfield code="z">9789811261657</subfield>
    <subfield code="q">(hbk.)</subfield>
  </datafield>
  <datafield tag="040" ind1=" " ind2=" ">
    <subfield code="a">WSPC</subfield>
    <subfield code="b">eng</subfield>
    <subfield code="c">WSPC</subfield>
  </datafield>
  <datafield tag="050" ind1=" " ind2="4">
    <subfield code="a">RS431.P75</subfield>
  </datafield>
  <datafield tag="072" ind1=" " ind2="7">
    <subfield code="a">SCI</subfield>
    <subfield code="x">049000</subfield>
    <subfield code="2">bisacsh</subfield>
  </datafield>
  <datafield tag="072" ind1=" " ind2="7">
    <subfield code="a">SCI</subfield>
    <subfield code="x">007000</subfield>
    <subfield code="2">bisacsh</subfield>
  </datafield>
  <datafield tag="072" ind1=" " ind2="7">
    <subfield code="a">SCI</subfield>
    <subfield code="x">050000</subfield>
    <subfield code="2">bisacsh</subfield>
  </datafield>
  <datafield tag="082" ind1="0" ind2="4">
    <subfield code="a">615.19</subfield>
    <subfield code="2">23</subfield>
  </datafield>
  <datafield tag="049" ind1=" " ind2=" ">
    <subfield code="a">MAIN</subfield>
  </datafield>
  <datafield tag="245" ind1="0" ind2="0">
    <subfield code="a">Peptide and protein engineering for biotechnological and therapeutic applications /</subfield>
    <subfield code="c">[edited by] Pierre Rousselot-Pailley, Olga Iranzo.</subfield>
  </datafield>
  <datafield tag="260" ind1=" " ind2=" ">
    <subfield code="a">Singapore :</subfield>
    <subfield code="b">World Scientific,</subfield>
    <subfield code="c">c2023.</subfield>
  </datafield>
  <datafield tag="300" ind1=" " ind2=" ">
    <subfield code="a">1 online resource (x, 509 p.)</subfield>
  </datafield>
  <datafield tag="504" ind1=" " ind2=" ">
    <subfield code="a">Includes bibliographical references and index.</subfield>
  </datafield>
  <datafield tag="505" ind1="0" ind2=" ">
    <subfield code="a">Cis-amide stabilizing proline analogs: synthesis and applications -- Antimicrobial peptides and peptidomimetics as treatment option for Helicobacter pylori infection -- Antimicrobial ribosomally synthesized and post-translationally modified peptides as a source of alternatives to antibiotics: a focus on the Sactipeptides and Ranthipeptides subclasses -- Peptide nanotubes as dynamic materials -- Peptide- and protein-based nanomaterials for theranostics -- Engineering peptidyl and protein glutathione peroxidase mimics -- DNA recognition with artificial metallopeptides -- Recombinant production, isotopic labeling, purification and NMR characterization of cysteine-rich domains: the case of the death receptors involved in cancer treatment -- Substrate binding free energy profiles: probing enzyme-substrate interactions by molecular dynamics simulations -- Peptide-based artificial metalloenzymes by design -- Biohybrid catalysts harboring synthetic metal complexes within [beta]-Barrel proteins -- Chemistry for a better life: elaborating artificial metalloenzymes for eco-compatible chemical synthesis procedures and therapeutic applications.</subfield>
  </datafield>
  <datafield tag="520" ind1=" " ind2=" ">
    <subfield code="a">"Peptides and proteins are crucial biomolecules in life. The manifold functions they carry out range from molecular recognition and signaling to catalysis and immune response. However, the native systems are limited to a reduced toolbox of chemical functionalities as well as tridimensional structures. Widening these toolboxes could pave the way to engineer peptides and proteins with enhanced properties compared to their native counterparts and/or with structures and functions unprecedented in Nature. Advances in the chemical and biological synthesis of peptides and proteins, in computational tools, in molecular biology and in high-throughput screening methods are making this realm possible. This book aims to give an overview of the last developments in the field of peptide and protein engineering. It comprises a collection of chapters that span from the production of simple non-proteinogenic building blocks and peptidic scaffolds of different sizes and structures to more complex systems including peptide-based nanomaterials, enzymes and artificial metalloenzymes. Different strategies are described where chemical and biological tools have been developed and combined to attain the desired properties and sought functionalities. The diverse systems described in this book highlight the progress in this important field and represent the starting points for the development of functional biomolecules, biomaterials and hybrid systems capable of addressing key societal challenges of our times in relevant areas such health, environment and energy"--</subfield>
    <subfield code="c">Publisher's website.</subfield>
  </datafield>
  <datafield tag="538" ind1=" " ind2=" ">
    <subfield code="a">Mode of access: World Wide Web.</subfield>
  </datafield>
  <datafield tag="538" ind1=" " ind2=" ">
    <subfield code="a">System requirements: Adobe Acrobat Reader.</subfield>
  </datafield>
  <datafield tag="650" ind1=" " ind2="0">
    <subfield code="a">Protein drugs.</subfield>
  </datafield>
  <datafield tag="650" ind1=" " ind2="0">
    <subfield code="a">Peptide drugs.</subfield>
  </datafield>
  <datafield tag="655" ind1=" " ind2="0">
    <subfield code="a">Electronic books.</subfield>
  </datafield>
  <datafield tag="700" ind1="1" ind2=" ">
    <subfield code="a">Rousselot-Pailley, Pierre.</subfield>
  </datafield>
  <datafield tag="700" ind1="1" ind2=" ">
    <subfield code="a">Iranzo, Olga.</subfield>
  </datafield>
  <datafield tag="856" ind1="4" ind2="0">
    <subfield code="u">https://www.worldscientific.com/worldscibooks/10.1142/13005#t=toc</subfield>
  </datafield>
  <datafield tag="942" ind1=" " ind2=" ">
    <subfield code="c">E-BOOK</subfield>
  </datafield>
  <datafield tag="999" ind1=" " ind2=" ">
    <subfield code="c">49748</subfield>
    <subfield code="d">49748</subfield>
  </datafield>
  <datafield tag="952" ind1=" " ind2=" ">
    <subfield code="0">0</subfield>
    <subfield code="1">0</subfield>
    <subfield code="2">ddc</subfield>
    <subfield code="4">0</subfield>
    <subfield code="7">0</subfield>
    <subfield code="a">CUTN</subfield>
    <subfield code="b">CUTN</subfield>
    <subfield code="d">2026-04-16</subfield>
    <subfield code="l">0</subfield>
    <subfield code="o">615.19</subfield>
    <subfield code="p">EB04984</subfield>
    <subfield code="r">2026-04-16 15:50:00</subfield>
    <subfield code="u">https://doi.org/10.1142/13005</subfield>
    <subfield code="w">2026-04-16</subfield>
    <subfield code="y">E-BOOK</subfield>
  </datafield>
</record>
